Online Public Access Catalogue

Robbins Pathologic Basis of Disease (SSH) (Record no. 1275)

MARC details
000 -LEADER
fixed length control field 00377nam a2200145Ia 4500
082 ## - DEWEY DECIMAL CLASSIFICATION NUMBER
Classification number QZ 4
Author Mark COT
100 ## - MAIN ENTRY--PERSONAL NAME
Author Name Cotran,Ramzi S.
245 #0 - TITLE STATEMENT
Title Robbins Pathologic Basis of Disease (SSH)
Statement of responsibility, etc. Cotran,Ramzi S.
250 ## - EDITION STATEMENT
Edition statement 6th
260 ## - PUBLICATION, DISTRIBUTION, ETC.
Place of publication, distribution, etc. London UK
Name of publisher, distributor, etc. W.B. Saunders
Date of publication, distribution, etc. 1999
300 ## - PHYSICAL DESCRIPTION
No of Pages 1425
650 ## - SUBJECT ADDED ENTRY--TOPICAL TERM
Subject Pathology
942 ## - ADDED ENTRY ELEMENTS (KOHA)
Koha item type Books
952 ## - LOCATION AND ITEM INFORMATION (KOHA)
-- 2018-03-16
Holdings
Withdrawn status Lost status Damaged status Not for loan Home library Current library Shelving location Date acquired Total Checkouts Full call number Barcode Date last seen Koha item type
        Islamabad Medical and Dental College Islamabad Medical and Dental College Islamabad Medical and Dental College 16/03/2018   QZ 4 1813 16/03/2018 Books

Copyright @ IMDC Library
Islamabad Medical and Dental College
Bhara Kahu, Islamabad

  Contact the Librarian, IMDC
  Email:: library@imdcollege.edu.pk

  OPAC Customized by
  Mazhar Hussain,
  Librarian:
  Islamabad Medical and Dental College
  Email:: library@imdcollege.edu.pk